Goldacre (Offices) Ltd v Nortel Networks UK Ltd (Record no. 82266)

MARC details
000 -LEADER
fixed length control field 01094cad a22001935a 4500
001 - CONTROL NUMBER
control field L149729
008 - FIXED-LENGTH DATA ELEMENTS--GENERAL INFORMATION
fixed length control field 100415e2009 xxk 000 0 eng d
035 ## - SYSTEM CONTROL NUMBER
System control number (Sirsi) u149729
041 0# - LANGUAGE CODE
Language code of text/sound track or separate title eng
245 00 - TITLE STATEMENT
Title Goldacre (Offices) Ltd v Nortel Networks UK Ltd
260 ## - PUBLICATION, DISTRIBUTION, ETC.
Date of publication, distribution, etc. 2009
520 ## - SUMMARY, ETC.
Summary, etc. [2009] EWHC 3389 (Ch), 7 December 2009. Application to consider whether rent in respect of property held by respondent company is payable as an expense of the administration. Respondent company held two long leases predating date of administration. Administrators are occuping one of the premises. Notices have been served to sub tenants occuping the properties. Held that administrators would continue to pay the rent as an administration expense whilst they occupy the premises.
590 ## - LOCAL NOTE (RLIN)
Local note KA
650 24 - SUBJECT ADDED ENTRY--TOPICAL TERM
Topical term or geographic name entry element GOLDACRE (OFFICES) LTD V NORTEL NETWORKS UK LTD
651 #4 - SUBJECT ADDED ENTRY--GEOGRAPHIC NAME
Geographic name ENGLAND AND WALES
690 ## - LOCAL SUBJECT ADDED ENTRY--TOPICAL TERM (OCLC, RLIN)
Topical term or geographic name as entry element PROPERTY-COMMERCIAL PROPERTY-COMMERCIAL LANDLORD AND TENANT
856 48 - ELECTRONIC LOCATION AND ACCESS
Uniform Resource Identifier <a href="https://www.bailii.org/ew/cases/EWHC/Ch/2009/3389.htmlzView this item free of charge at www.bailii.org">https://www.bailii.org/ew/cases/EWHC/Ch/2009/3389.htmlzView this item free of charge at www.bailii.org</a>
942 ## - ADDED ENTRY ELEMENTS (KOHA)
Suppress in OPAC 0
Holdings
Withdrawn status Lost status Source of classification or shelving scheme Damaged status Not for loan Home library Current library Shelving location Date acquired Total Checkouts Full call number Barcode Date last seen Copy number Price effective from Koha item type
    Dewey Decimal Classification     Virtual Virtual Online 15/04/2010   ONLINE PUBLICATION 149729-2001 06/08/2019 1 06/08/2019 Law report